000 00709pam a2200229 a 4500
001 900006
005 20260313180448.0
008 810520s1981 nyu b 001 0 eng
020 _a0029347408
020 _a9780029347409
050 0 0 _aHV11
_b.W593
082 0 0 _a361.3/07/15
_219
100 1 _aWilson, Suanna J.,
_d1943-
245 1 0 _aField instruction :
_btechniques for supervisors /
_cSuanna J. Wilson.
260 _aNew York :
_bFree Press ;
_aLondon :
_bCollier Macmillan,
_cc1981.
300 _axv, 348 p. ;
_c29 cm.
500 _aIncludes index.
650 0 _aSocial work education.
650 0 _aSocial service
_xFieldwork.
650 0 _aSocial workers
_xIn-service training.
942 _2lcc
_cBK
_n0
999 _c9043
_d9043